[Event "Titled Tue 27th May Early"]
[Site "chess.com INT"]
[Date "2025.05.27"]
[Round "1"]
[White "Di Benedetto, Guillermo"]
[Black "Kourkoulos-Arditis, Stamatis"]
[Result "0-1"]
[WhiteTitle "FM"]
[BlackTitle "GM"]
[WhiteElo "2289"]
[BlackElo "2580"]
[WhiteFideId "111120"]
[BlackFideId "4221990"]
[EventDate "2025.05.27"]

1. d4 d5 2. c4 e6 3. Nf3 a6 4. g3 dxc4 5. Bg2 Nc6 6. O-O Rb8 7. Be3 Nf6 8. Qc1
b5 9. b3 Bb7 10. bxc4 bxc4 11. Nbd2 c3 12. Nb1 c2 13. Qxc2 Nb4 14. Qc1 Bd6 15.
Rd1 O-O 16. Nc3 Qe7 17. Rb1 Nbd5 18. Bg5 Nxc3 19. Qxc3 h6 20. Bf4 Bxf4 21. gxf4
Be4 22. Rbc1 Nd5 23. Qa5 Rb2 24. Rd2 Rfb8 25. Rxb2 Rxb2 26. e3 Bxf3 27. Bxf3 Qh4
28. Rf1 Nxe3 29. Qc3 Nxf1 30. Qxb2 Nxh2 31. Qb8+ Kh7 32. Qb1+ g6 33. Qe4 Nxf3+
34. Qxf3 Qd8 35. Qc6 Qd6 36. Qc4 a5 37. Qb5 Qd5 38. Qe8 Kg7 39. Qe7 Qxd4 40.
Qxc7 a4 41. Kg2 Qd5+ 42. f3 Qxa2+ 43. Kg3 Qd5 44. Qa7 Qc4 45. Qc7 Qd4 46. Qb7 a3
47. Qa6 Qg1+ 48. Kh3 Qe3 49. Kg4 g5 50. fxg5 hxg5 51. Kh3 Qxf3+ 52. Kh2 g4 53.
Qf1 g3+ 54. Kg1 Qxf1+ 55. Kxf1 a2 56. Kg2 a1=Q 0-1

[Event "Titled Tue 27th May Early"]
[Site "chess.com INT"]
[Date "2025.05.27"]
[Round "1"]
[White "Tomb, Maroun"]
[Black "Coelho, Ramyres Santana"]
[Result "0-1"]
[WhiteTitle "CM"]
[BlackTitle "WFM"]
[WhiteElo "2090"]
[BlackElo "1989"]
[WhiteFideId "5300398"]
[BlackFideId "2120690"]
[EventDate "2025.05.27"]

1. e4 c5 2. Ne2 d6 3. g3 Nf6 4. Bg2 g6 5. c3 Bg7 6. d4 cxd4 7. cxd4 O-O 8. O-O
e5 9. Nbc3 Nc6 10. d5 Ne7 11. h3 Bd7 12. Be3 a6 13. Rc1 Rc8 14. Qb3 b5 15. a3
Qa5 16. Na2 Rxc1 17. Rxc1 Rc8 18. Rxc8+ Bxc8 19. Nb4 h5 20. Qc3 Qa4 21. Qc7 Qd1+
22. Bf1 Bxh3 23. Qc1 Qxf1+ 24. Qxf1 Bxf1 25. Kxf1 Nxe4 26. Nxa6 Nxd5 27. f3
Nxe3+ 28. Ke1 Nc5 29. Nc7 e4 30. fxe4 Nxe4 31. Nxb5 Bxb2 32. a4 Nc5 33. a5 d5
34. Kd2 Nc4+ 35. Kc2 Be5 36. Nec3 d4 37. Nd5 Nxa5 38. Nb4 Bxg3 39. Nxd4 h4 40.
Ne2 Ne4 41. Ng1 Nf2 42. Nd3 Nxd3 43. Kxd3 g5 44. Ke4 Kg7 45. Kf5 f6 46. Kg4 Kg6
47. Kh3 f5 48. Kg2 Nc4 49. Kh1 Ne5 50. Ne2 g4 51. Nd4 f4 52. Nc2 f3 53. Ne3 Kg5
54. Nf1 Kf4 55. Kg1 h3 56. Kh1 Nd3 57. Kg1 h2+ 58. Nxh2 Bxh2+ 59. Kf1 Ne5 60.
Ke1 Ke3 61. Kf1 g3 62. Ke1 g2 63. Kd1 g1=R+ 64. Kc2 f2 65. Kb3 f1=R 66. Kb4 Rc1
67. Ka3 Rb1 68. Ka2 Rb8 69. Ka3 Rg7 70. Ka2 Ra7# 0-1

[Event "Titled Tue 27th May Early"]
[Site "chess.com INT"]
[Date "2025.05.27"]
[Round "1"]
[White "Andreev, Konstantin"]
[Black "Aronian, Levon"]
[Result "0-1"]
[WhiteTitle "FM"]
[BlackTitle "GM"]
[WhiteElo "2208"]
[BlackElo "2747"]
[WhiteFideId "24239305"]
[BlackFideId "13300474"]
[EventDate "2025.05.27"]

1. e4 e6 2. d4 d5 3. Nc3 Bb4 4. e5 c5 5. a3 Ba5 6. dxc5 Bxc3+ 7. bxc3 Ne7 8. f4
Qc7 9. Be3 b6 10. Qd4 Nf5 11. Bb5+ Bd7 12. cxb6 axb6 13. Bxd7+ Nxd7 14. Qd3 Nc5
15. Bxc5 Qxc5 16. Ne2 Ra4 17. Rb1 Rc4 18. Kd2 O-O 19. g4 Nh4 20. Rb4 Qf2 21. Qg3
Nf3+ 22. Kd3 Rxc3+ 23. Kxc3 Qxe2 24. Kb2 Rc8 25. Rc1 d4 26. Rb3 Nd2 27. Qd3 Qxh2
28. Rb4 b5 29. Rxd4 Nc4+ 30. Ka2 h6 31. Rd8+ Rxd8 32. Qxd8+ Kh7 33. Qd3+ g6 34.
Rb1 Qxf4 35. Rxb5 Nxe5 36. Qc3 Nxg4 37. Rb4 Qf5 38. a4 h5 39. Rb5 Qf4 40. Rb4
Qd6 41. Rd4 Qa6 42. Ka3 e5 43. Rd7 Kg7 44. Qc7 Qf6 45. a5 h4 46. Qc3 Nf2 47. Rb7
h3 48. Qg3 e4 49. Rb6 Qa1+ 50. Kb4 e3 51. Qxe3 h2 52. Qxf2 h1=Q 53. Rxg6+ fxg6
54. Qa7+ Kh6 55. Qe3+ Kh5 56. Qe2+ Kg5 57. Qe3+ Kf5 58. Qd3+ Qe4+ 0-1

[Event "Titled Tue 27th May Early"]
[Site "chess.com INT"]
[Date "2025.05.27"]
[Round "1"]
[White "Centron Antuna, Daniel"]
[Black "Mateus, Martha"]
[Result "0-1"]
[WhiteTitle "FM"]
[BlackTitle "WIM"]
[WhiteElo "2290"]
[BlackElo "1963"]
[WhiteFideId "22288694"]
[BlackFideId "4401549"]
[EventDate "2025.05.27"]

1. Nf3 Nf6 2. g3 b5 3. Bg2 Bb7 4. O-O e6 5. d4 Be7 6. a4 a6 7. Na3 b4 8. Nc4 c5
9. dxc5 Bxc5 10. Nd6+ Bxd6 11. Qxd6 Qe7 12. Qb6 Bc6 13. Bg5 a5 14. Ne5 Bxg2 15.
Kxg2 O-O 16. Qb7 Na6 17. Bxf6 Qxf6 18. Nxd7 Qe7 19. Rfd1 Rfd8 20. Rd4 Nc5 21.
Qc7 Rac8 22. Qa7 Rxd7 23. Rxd7 Qxd7 24. Qxa5 Qc6+ 25. f3 b3 26. Rc1 Nb7 27. Qb4
bxc2 28. a5 Qa6 29. Qe4 Nd6 30. Qe5 h5 31. b4 Nc4 32. Qxh5 Na3 33. Qe5 Qc4 34.
Kf2 Nb5 35. a6 Nd4 36. a7 Nb3 37. Rxc2 Qxc2 38. Qb8 Qc6 39. a8=Q Qxa8 40. Qf4
Qb7 41. Qg5 Qd7 42. Kg2 Nd4 43. e4 Nf5 44. Kh3 Ne7 45. Qa5 Ng6 46. Qa6 e5+ 47.
g4 Rc6 48. Qa8+ Kh7 49. Qa1 Rb6 50. Qe1 Nf4+ 51. Kg3 Qd4 52. h4 Rxb4 53. g5 Rb2
54. Kg4 Rg2+ 55. Kf5 Qd7+ 56. Kxe5 Nd3# 0-1

[Event "Titled Tue 27th May Early"]
[Site "chess.com INT"]
[Date "2025.05.27"]
[Round "1"]
[White "Danzer, George"]
[Black "Khazhatuly, Alikhan"]
[Result "0-1"]
[WhiteTitle "CM"]
[BlackTitle "CM"]
[WhiteElo "2172"]
[BlackElo "2196"]
[WhiteFideId "4659465"]
[BlackFideId "13731335"]
[EventDate "2025.05.27"]

1. e4 c5 2. Nf3 e6 3. d4 cxd4 4. Nxd4 a6 5. c4 Nf6 6. Bd3 d6 7. O-O Be7 8. Nc3
O-O 9. Be3 e5 10. Nde2 Nc6 11. Ng3 Be6 12. Nd5 Rc8 13. b3 Re8 14. h3 g6 15. Qd2
Bxd5 16. cxd5 Nb8 17. Rac1 Nbd7 18. b4 Rxc1 19. Rxc1 Qb8 20. Qc3 Rd8 21. a4 Ne8
22. Bb6 Nxb6 23. a5 Rc8 24. Qd2 Rxc1+ 25. Qxc1 Nd7 26. h4 Bxh4 27. Ne2 Qc7 28.
Qh6 Qd8 29. Qe3 Bg5 30. Qa7 Qc8 31. b5 axb5 32. Bxb5 Nc5 33. Nc3 Nc7 34. Bc4 Be7
35. Qb6 Na8 36. Qa7 Kg7 37. Nb5 Nc7 38. Nc3 N7a6 39. Qb6 Qc7 40. Qb1 Nb8 41. g4
Qxa5 42. Qc1 Qd8 43. g5 Bxg5 44. Qb1 Bf4 45. Qb5 Qg5+ 46. Kf1 Nbd7 47. Ke2 Qe7
48. Qa4 h5 49. Qd1 h4 50. Qh1 Qg5 51. Qh3 Nf6 52. f3 Qg3 53. Qf1 h3 0-1

[Event "Titled Tue 27th May Early"]
[Site "chess.com INT"]
[Date "2025.05.27"]
[Round "1"]
[White "Vera Gonzalez-Quevedo, Reynaldo"]
[Black "Mizzi, Jack"]
[Result "0-1"]
[WhiteTitle "GM"]
[BlackTitle "CM"]
[WhiteElo "2299"]
[BlackElo "2086"]
[WhiteFideId "3500055"]
[BlackFideId "5602521"]
[EventDate "2025.05.27"]

1. d4 Nf6 2. c4 e6 3. Nc3 Bb4 4. Qc2 d5 5. Nf3 h6 6. a3 Bxc3+ 7. Qxc3 b6 8. e3
Bb7 9. b4 dxc4 10. Bxc4 Nbd7 11. Bb2 Rc8 12. O-O Bxf3 13. gxf3 c5 14. dxc5 bxc5
15. Rfd1 O-O 16. b5 Qc7 17. f4 Nb6 18. Rac1 Na4 19. Qc2 Nxb2 20. Qxb2 Rfd8 21.
a4 Rxd1+ 22. Rxd1 Rd8 23. Qc2 Nd5 24. Qe4 Nc3 25. Rxd8+ Qxd8 26. Qb7 Qd1+ 27.
Bf1 Qxa4 28. Qc8+ Kh7 29. Qxc5 Ne4 30. Qc6 Nf6 31. Bd3+ g6 32. Qc7 Kg7 33. Kg2
Qd1 34. Qc3 Qg4+ 35. Kf1 Qh3+ 36. Kg1 Qg4+ 37. Kf1 h5 38. Qd4 Qd1+ 39. Kg2 h4
40. h3 Qd2 41. Qc4 Qa5 42. Be2 Qb6 43. Bf3 Nd7 44. Qc6 Nc5 45. Qc8 Qxb5 46. Qc7
Qb6 47. Qe5+ Kg8 48. Qg5 Nd3 49. Qxh4 Ne1+ 50. Kg3 Nxf3 51. Kxf3 Qc6+ 52. Kg4
Qc7 53. Qf6 a5 0-1

[Event "Titled Tue 27th May Early"]
[Site "chess.com INT"]
[Date "2025.05.27"]
[Round "1"]
[White "Gadzhiev, Ruslan"]
[Black "Sarveshwaran V"]
[Result "1-0"]
[WhiteTitle "CM"]
[BlackTitle "CM"]
[WhiteElo "2169"]
[BlackElo "2290"]
[WhiteFideId "55671926"]
[BlackFideId "25699016"]
[EventDate "2025.05.27"]

1. e4 e6 2. d4 d5 3. Nd2 c5 4. exd5 exd5 5. Ngf3 Nf6 6. Bb5+ Bd7 7. Bxd7+ Nbxd7
8. O-O Be7 9. Re1 O-O 10. Nf1 Re8 11. c3 Bf8 12. Rxe8 Qxe8 13. Be3 h6 14. h3 c4
15. Qd2 Kh7 16. Re1 Qd8 17. Ng3 g6 18. Ne5 Qe8 19. Bf4 Nxe5 20. dxe5 Ne4 21.
Qxd5 Nc5 22. Qxc4 Rc8 23. Ne4 Ne6 24. Nf6+ Kh8 25. Nxe8 Rxc4 26. Bd2 Rc8 27. Nf6
Rd8 28. Be3 b6 29. Kf1 Kg7 30. Ke2 Be7 31. Ne4 Rd5 32. f4 Rb5 33. b4 a5 34. a4
Rd5 35. b5 g5 36. g3 f5 37. exf6+ Bxf6 38. Nxf6 Kxf6 39. fxg5+ hxg5 40. Bxb6 Kf5
41. Rd1 Re5+ 42. Kf3 Kg6 43. Be3 Rf5+ 44. Ke2 Re5 45. b6 Nc5 46. Rd6+ Kf7 47.
Kf3 Nxa4 48. b7 Rb5 49. Bb6 Rxb6 50. Rxb6 Nxc3 51. b8=Q Nd5 52. Qb7+ Ne7 53. Ra6
g4+ 54. hxg4 a4 55. g5 a3 56. Rf6+ Kg8 57. Qxe7 a2 58. Rf8# 1-0

[Event "Titled Tue 27th May Early"]
[Site "chess.com INT"]
[Date "2025.05.27"]
[Round "1"]
[White "Daspres, Loic"]
[Black "Novosel, Lovro"]
[Result "0-1"]
[WhiteTitle "CM"]
[BlackTitle "FM"]
[WhiteElo "2207"]
[BlackElo "2346"]
[WhiteFideId "20612281"]
[BlackFideId "14547120"]
[EventDate "2025.05.27"]

1. e4 c5 2. Nf3 d6 3. Bb5+ Nd7 4. O-O a6 5. Bxd7+ Bxd7 6. Re1 Nf6 7. e5 dxe5 8.
Nxe5 e6 9. Qf3 Qc8 10. d3 Be7 11. Nc3 O-O 12. Bf4 Rd8 13. Ne4 Nxe4 14. Rxe4 Be8
15. Qg3 Kh8 16. Bd2 f6 17. Nc4 Qc6 18. Rh4 b5 19. Qh3 Bg6 20. Ne3 c4 21. Qg3 Kg8
22. d4 f5 23. Rh3 Rxd4 24. Bc3 Rd7 25. Re1 Rad8 26. Qf3 Qxf3 27. Rxf3 Bf6 28.
Nf1 Rd1 29. Rfe3 Bxc3 30. bxc3 Rxe1 31. Rxe1 Kf7 32. f3 f4 33. Kf2 Bxc2 34. Rc1
Bd3 35. Nd2 e5 36. Ke1 Bf5 37. a3 Ke6 38. a4 Rd3 39. axb5 axb5 40. Ke2 g5 41. h3
h5 42. Ke1 g4 43. hxg4 hxg4 44. fxg4 Bxg4 45. Rb1 Rxc3 46. Rxb5 Bf5 47. Rb6+ Ke7
48. Rb8 Bd3 49. Rb7+ Kd6 50. Rb6+ Kc5 51. Re6 Kd5 52. Re8 e4 53. Rd8+ Kc6 54.
Rf8 e3 55. Rxf4 Rc1# 0-1

[Event "Titled Tue 27th May Early"]
[Site "chess.com INT"]
[Date "2025.05.27"]
[Round "1"]
[White "Norowitz, Yaacov"]
[Black "Smieszek, Wojciech"]
[Result "0-1"]
[WhiteTitle "IM"]
[BlackTitle "CM"]
[WhiteElo "2400"]
[BlackElo "2141"]
[WhiteFideId "2024799"]
[BlackFideId "1156047"]
[EventDate "2025.05.27"]

1. d4 Nf6 2. Nf3 c5 3. c3 g6 4. Bg5 Bg7 5. e3 O-O 6. Nbd2 d6 7. dxc5 dxc5 8.
Bxf6 Bxf6 9. Ne4 Qb6 10. Qb3 Bg7 11. Bc4 Nc6 12. O-O Na5 13. Qxb6 axb6 14. Be2
Bg4 15. Ned2 Rfd8 16. Rad1 Nc6 17. a3 Rd7 18. Nc4 Rxd1 19. Rxd1 b5 20. Nb6 Ra6
21. Nd5 Bxf3 22. gxf3 Ra5 23. Kg2 h5 24. Rd2 e6 25. Nc7 b4 26. cxb4 cxb4 27. Nb5
bxa3 28. bxa3 Bf8 29. Rd7 Bxa3 30. Rxb7 Bf8 31. Rc7 Ne7 32. Nd6 Nd5 33. Rc8 Ra2
34. Kf1 Ra1+ 35. Kg2 Ra2 36. Bd3 Nxe3+ 37. Kg3 h4+ 38. Kxh4 Rxf2 39. Kg3 Rd2 40.
Ne8 Rxd3 41. Nf6+ Kg7 42. Ne8+ Kh6 43. Nf6 Bd6+ 44. Kf2 Kg7 45. Ne8+ Kh6 46.
Nxd6 Nd1+ 47. Ke2 Rxd6 48. Rc1 Kg5 49. Rc4 e5 50. Rc5 f6 51. Rc4 Rd4 52. Rc6 Kf5
53. Rc1 Nb2 54. Rc3 Nc4 55. Rc2 Rd2+ 56. Rxd2 Nxd2 57. Kxd2 Kf4 58. Ke2 Kg5 59.
Ke3 Kh4 60. Kf2 Kh3 61. Kg1 f5 62. Kh1 e4 63. fxe4 fxe4 64. Kg1 e3 65. Kf1 Kxh2
66. Ke2 g5 67. Kxe3 g4 0-1

[Event "Titled Tue 27th May Early"]
[Site "chess.com INT"]
[Date "2025.05.27"]
[Round "1"]
[White "Maglioni, Leonardo"]
[Black "Zhakshylykov, Erzhan"]
[Result "0-1"]
[BlackTitle "IM"]
[WhiteElo "2069"]
[BlackElo "2362"]
[WhiteFideId "2896830"]
[BlackFideId "13804111"]
[EventDate "2025.05.27"]

1. d4 Nf6 2. Bf4 e6 3. e3 c5 4. c3 b6 5. Nf3 Bb7 6. Nbd2 cxd4 7. exd4 Be7 8. Bd3
O-O 9. O-O d6 10. Re1 Re8 11. h3 Nbd7 12. a4 a6 13. Qe2 Nf8 14. Qf1 Ng6 15. Bg3
Bf8 16. Ne4 Nxe4 17. Bxe4 Bxe4 18. Rxe4 Qd7 19. Qd3 b5 20. axb5 axb5 21. Ree1 h6
22. Nd2 Ne7 23. Nb3 Nd5 24. Rxa8 Rxa8 25. Ra1 Rxa1+ 26. Nxa1 Qa7 27. Nc2 Qa2 28.
Na3 b4 29. cxb4 Qxb2 30. b5 Nb6 31. Nc2 Qb1+ 32. Kh2 d5 33. f3 Nc4 34. Ne1 Qxb5
35. Qe2 Qb6 36. Bf2 Bd6+ 37. Kg1 Qb1 38. Qd3 Qc1 39. Qc2 Qa1 40. Qd3 Bb4 41. Qe2
Bc3 42. Kh2 Bxd4 43. Bxd4 Qxd4 44. Nd3 Qe3 45. Qc2 Qd2 46. Qb3 Ne3 47. Qb8+ Kh7
48. Nf4 Qd4 49. Kg3 Nf5+ 50. Kh2 e5 51. Ne2 Qe3 52. Ng1 Qf4+ 53. Kh1 Ng3+ 54.
Kh2 Nf1+ 0-1

[Event "Titled Tue 27th May Early"]
[Site "chess.com INT"]
[Date "2025.05.27"]
[Round "1"]
[White "Jaskolka, Tomasz"]
[Black "Barwinska, Ewa"]
[Result "1-0"]
[WhiteTitle "CM"]
[BlackTitle "WFM"]
[WhiteElo "2200"]
[BlackElo "2014"]
[WhiteFideId "1170791"]
[BlackFideId "21833761"]
[EventDate "2025.05.27"]

1. d4 Nf6 2. Bf4 d5 3. e3 e6 4. c3 Bd6 5. Nd2 Bxf4 6. exf4 Qd6 7. g3 c5 8. Ngf3
Nc6 9. Nb3 cxd4 10. Nbxd4 O-O 11. Bd3 a6 12. O-O Nxd4 13. Nxd4 b5 14. a3 Bb7 15.
Re1 Nd7 16. Qh5 h6 17. Rad1 Nf6 18. Qh3 Qb6 19. f5 exf5 20. Qxf5 Bc8 21. Qf4 Bg4
22. f3 Bd7 23. Re7 Qb8 24. Qe3 Re8 25. Re1 Qd6 26. Qe5 Qxe5 27. R1xe5 Rxe7 28.
Rxe7 Re8 29. Rxe8+ Bxe8 30. a4 bxa4 31. Bxa6 Kf8 32. Kf2 Ke7 33. Nf5+ Kf8 34.
Ke3 Bd7 35. Nd4 Ke7 36. Bb5 g6 37. Bxd7 Nxd7 38. Nb5 Nb6 39. Na3 Kd6 40. Kd4 f6
41. c4 dxc4 42. Nxc4+ Kc6 43. Nxb6 Kxb6 44. Kc4 Ka5 45. Kc5 f5 46. f4 g5 47.
fxg5 hxg5 48. h4 gxh4 49. gxh4 f4 50. Kd4 Kb4 51. h5 Kb3 52. h6 Kxb2 53. h7 a3
54. h8=Q a2 55. Kd3+ Kb1 56. Qb8+ Ka1 57. Kc2 1-0

[Event "Titled Tue 27th May Early"]
[Site "chess.com INT"]
[Date "2025.05.27"]
[Round "1"]
[White "Zdorov, Egor Vit"]
[Black "Khoo-Thwe, Louis"]
[Result "1/2-1/2"]
[WhiteTitle "CM"]
[BlackTitle "CM"]
[WhiteElo "2100"]
[BlackElo "2214"]
[WhiteFideId "55688560"]
[BlackFideId "1538756"]
[EventDate "2025.05.27"]

1. d4 d5 2. c4 dxc4 3. Nf3 Nf6 4. e3 e6 5. Bxc4 c5 6. O-O a6 7. Re1 cxd4 8. exd4
b5 9. Bb3 Bb7 10. Nc3 Be7 11. Bg5 O-O 12. Qd3 Nbd7 13. Rad1 h6 14. Bh4 b4 15.
Nb1 Nd5 16. Bg3 a5 17. Nbd2 N7f6 18. Ne5 Ba6 19. Qf3 Bb7 20. Qd3 Ba6 21. Ndc4
Rc8 22. Bc2 Qc7 23. b3 Qa7 24. Bh4 Rfd8 25. Ng4 g5 26. Nxh6+ Kg7 27. Bxg5 Rh8
28. Nxf7 Kxf7 29. Qg6+ Kf8 30. Ne5 Bd8 31. Bh6+ Rxh6 32. Qxh6+ Qg7 33. Qxg7+
Kxg7 34. Rc1 Nc3 35. Bd3 Bb7 36. Nc4 Nxa2 37. Ra1 Nc3 38. Nxa5 Bxa5 39. Rxa5 Bd5
40. Ra7+ Kh6 41. Rf7 Nfe4 42. f3 Nd2 43. h4 Rh8 44. Kf2 Nxb3 45. Re5 Nxd4 46.
Rf6+ Kg7 47. Rg6+ Kf7 48. Reg5 Rxh4 49. Rg7+ Kf8 50. Rg8+ Ke7 51. R5g7+ Kd6 52.
Rd8+ Ke5 53. g3 Rh2+ 54. Kf1 Nxf3 55. Re8 Nd2+ 56. Ke1 Nf3+ 57. Kf1 Rh1+ 58. Kf2
Rh2+ 59. Kf1 1/2-1/2

[Event "Titled Tue 27th May Early"]
[Site "chess.com INT"]
[Date "2025.05.27"]
[Round "1"]
[White "Fernandes, Rogerio Paulo Muller"]
[Black "Rodrigues, Bruno Morado"]
[Result "0-1"]
[BlackTitle "CM"]
[WhiteElo "2241"]
[BlackElo "2054"]
[WhiteFideId "2101599"]
[BlackFideId "2115654"]
[EventDate "2025.05.27"]

1. c4 c6 2. g3 d5 3. Bg2 Nf6 4. Nf3 e6 5. O-O Bd6 6. b3 O-O 7. Bb2 Nbd7 8. d4
Qe7 9. Nbd2 e5 10. dxe5 Nxe5 11. cxd5 cxd5 12. Nd4 Re8 13. Rc1 Bg4 14. h3 Bd7
15. e3 Nd3 16. Rc2 Nxb2 17. Rxb2 Ne4 18. Rc2 Qg5 19. N2f3 Qg6 20. Ne2 Rad8 21.
Nf4 Bxf4 22. exf4 Bf5 23. Rc7 Qb6 24. Rc1 d4 25. Ne5 Nc3 26. Qd2 f6 27. Nc4 Qa6
28. Rfe1 Rxe1+ 29. Rxe1 Qxa2 30. Qxa2 Nxa2 31. Bxb7 d3 32. Nd2 Nc3 33. Kg2 Rb8
34. Re7 Kf8 35. Rc7 Nb5 36. Rc5 Rxb7 37. Rxf5 Nd4 38. Rd5 Nxb3 39. Rxd3 Nc5 40.
Rd5 Ne6 41. Ra5 Nd4 42. Ne4 Nc6 43. Ra6 Rb6 44. Ra4 a5 45. Nc5 Rb4 46. Nd3 Rxa4
47. Nc5 Rc4 48. Nd7+ Ke7 49. Nb6 Rb4 50. Nd5+ Kd6 51. Nxb4 axb4 52. Kf3 b3 53.
Kg4 b2 54. Kh5 b1=Q 55. f3 Qg6+ 56. Kh4 Nd4 57. g4 Nxf3+ 58. Kg3 Qd3 59. g5 fxg5
60. Kg4 gxf4 61. h4 Ne5+ 62. Kxf4 Qd4+ 63. Kg5 Qg4# 0-1

[Event "Titled Tue 27th May Early"]
[Site "chess.com INT"]
[Date "2025.05.27"]
[Round "1"]
[White "Durarbayli, Vasif"]
[Black "Krzywda, Andrzej"]
[Result "1-0"]
[WhiteTitle "GM"]
[BlackTitle "CM"]
[WhiteElo "2612"]
[BlackElo "2175"]
[WhiteFideId "13402935"]
[BlackFideId "1114565"]
[EventDate "2025.05.27"]

1. e4 e5 2. Nf3 Nf6 3. Nxe5 d6 4. Nf3 Nxe4 5. d4 d5 6. Bd3 Be7 7. O-O Bf5 8. Re1
O-O 9. Nbd2 Nd6 10. Nf1 Bxd3 11. Qxd3 c6 12. Bf4 Na6 13. h4 Nc7 14. Ne3 Ne6 15.
Bxd6 Bxd6 16. Nf5 Re8 17. Re3 Bf8 18. Rae1 Nc7 19. a4 g6 20. Ng3 Bh6 21. Re5 Bg7
22. Rxe8+ Nxe8 23. h5 Nd6 24. Ne5 Qh4 25. b3 Re8 26. Re2 Qg5 27. Nf3 Qd8 28. c4
dxc4 29. bxc4 Rxe2 30. Nxe2 Nf5 31. d5 cxd5 32. cxd5 Nd6 33. g3 Qb6 34. Kg2 Qb4
35. Qd1 a5 36. Nf4 b5 37. axb5 Qxb5 38. Nd4 Qb4 39. Nc6 Qc3 40. Qa4 g5 41. Nh3
h6 42. Qxa5 Qxa5 43. Nxa5 Nf5 44. Nc4 Bf8 45. Ng1 f6 46. Ne2 Kf7 47. g4 Nd6 48.
Nxd6+ Bxd6 49. Nd4 Bf8 50. Nf5 Ke8 51. f3 Kd7 52. Kf2 Kc7 53. Ke3 Kb6 54. Ke4
Kc5 55. Nd4 Kd6 56. Ne6 Be7 57. Kd4 Kd7 58. Ng7 Bd6 59. Nf5 Be5+ 60. Kc5 Bf4 61.
Nxh6 Bg3 62. Nf5 Bf2+ 63. Kc4 Kc7 64. h6 Kd7 65. h7 1-0

[Event "Titled Tue 27th May Early"]
[Site "chess.com INT"]
[Date "2025.05.27"]
[Round "1"]
[White "Pavlov, Nikolay"]
[Black "Chiappero, Julio Alfredo"]
[Result "0-1"]
[WhiteTitle "FM"]
[BlackTitle "FM"]
[WhiteElo "2316"]
[BlackElo "2238"]
[WhiteFideId "24141470"]
[BlackFideId "139998"]
[EventDate "2025.05.27"]

1. e4 c5 2. Nf3 e6 3. d4 cxd4 4. Nxd4 Nc6 5. Nc3 Qc7 6. Be3 a6 7. Qf3 Bd6 8.
O-O-O Be5 9. g3 Nf6 10. Qe2 Nxd4 11. Bxd4 b5 12. Bxe5 Qxe5 13. f4 Qc7 14. a3 Bb7
15. Bg2 O-O 16. e5 Bxg2 17. Qxg2 Ng4 18. Qf3 Nh6 19. Ne4 Rac8 20. Rd2 Nf5 21.
Kb1 a5 22. Rhd1 b4 23. g4 Nh4 24. Qg3 Ng6 25. a4 Qc6 26. Nd6 Rc7 27. f5 Ne7 28.
Nb5 Rb7 29. Rd6 Qe4 30. R1d4 Qh1+ 31. Rd1 Qe4 32. Rxd7 exf5 33. Rxb7 Qxb7 34.
gxf5 Nxf5 35. Qf4 Nh6 36. Nd6 Qe7 37. Rg1 Kh8 38. h4 Ng8 39. h5 h6 40. Qg3 f5
41. Qf4 Qe6 42. Rg6 Qd5 43. Qg3 Qd1+ 44. Ka2 f4 45. Qg1 Qd5+ 46. b3 Qxe5 47. Nc4
Qf5 48. Rxg7 Qxc2+ 49. Ka1 f3 50. Qg6 Qxg6 51. Rxg6 f2 0-1

[Event "Titled Tue 27th May Early"]
[Site "chess.com INT"]
[Date "2025.05.27"]
[Round "1"]
[White "Mikhailova, Irina"]
[Black "Injac, Teodora"]
[Result "1/2-1/2"]
[WhiteTitle "WGM"]
[BlackTitle "IM"]
[WhiteElo "2143"]
[BlackElo "2474"]
[WhiteFideId "4109040"]
[BlackFideId "932400"]
[EventDate "2025.05.27"]

1. d4 Nf6 2. Nf3 e6 3. c4 b6 4. a3 Bb7 5. Nc3 Ne4 6. Nxe4 Bxe4 7. Nd2 Bb7 8. e4
g6 9. Bd3 Bg7 10. Nf3 O-O 11. O-O d6 12. d5 Nd7 13. Rb1 a5 14. b4 axb4 15. axb4
Re8 16. Bb2 Bxb2 17. Rxb2 Qf6 18. Qb1 Ra3 19. Rb3 Rea8 20. Rxa3 Rxa3 21. Qc2 Ne5
22. Nxe5 Qxe5 23. h3 b5 24. cxb5 Rc3 25. Qd2 exd5 26. Rc1 Rxc1+ 27. Qxc1 dxe4
28. Bf1 Qe7 29. Qa3 Qd8 30. Qa7 Qa8 31. b6 Qxa7 32. bxa7 d5 33. Ba6 Ba8 34. f3
e3 35. Kf1 f5 36. Ke2 f4 37. Kd3 Kf7 38. Kd4 Ke6 39. Kc5 Ke5 40. Be2 g5 41. b5
h5 42. Bd3 Ke6 43. Be2 Ke5 44. Bd3 Kf6 45. Be2 Ke7 46. Bd3 Kd7 47. Be2 Kc8 48.
Bd3 Kb7 49. Kxd5 Kxa7+ 50. Ke5 Kb6 51. Kf5 c6 52. bxc6 Bxc6 53. Kxg5 Bb5 54.
Kxf4 Bxd3 55. Kxe3 Bf1 56. g4 hxg4 57. hxg4 Kc5 58. Kf4 Kd5 59. Kg5 Ke6 60. Kg6
Be2 61. f4 Bxg4 62. Kg5 Bf5 63. Kh6 Kd5 64. Kg5 Ke4 65. Kf6 Kxf4 1/2-1/2

[Event "Titled Tue 27th May Early"]
[Site "chess.com INT"]
[Date "2025.05.27"]
[Round "1"]
[White "Uzdemir, Ali Poyraz"]
[Black "Pribelszky, Bence"]
[Result "1-0"]
[WhiteTitle "CM"]
[BlackTitle "IM"]
[WhiteElo "2108"]
[BlackElo "2400"]
[WhiteFideId "51619733"]
[BlackFideId "769738"]
[EventDate "2025.05.27"]

1. e4 c5 2. Nf3 d6 3. d4 cxd4 4. Nxd4 Nf6 5. Nc3 a6 6. Bg5 e6 7. Bc4 Be7 8. Qe2
b5 9. Bb3 Bb7 10. a3 Nbd7 11. f4 Nc5 12. e5 dxe5 13. Qxe5 Nxb3 14. Nxb3 Bxg2 15.
Rg1 Bb7 16. Rd1 Qb6 17. Rg3 Nh5 18. Bxe7 Nxg3 19. Bc5 Qc6 20. hxg3 f6 21. Qd6
Qh1+ 22. Kd2 Rd8 23. Rxh1 Bxh1 24. Ke3 Rxd6 25. Bxd6 Kf7 26. Nc5 Rd8 27. Bc7 Rc8
28. Bb6 Rc6 29. Ba7 h5 30. N3e4 Ke7 31. b4 Bxe4 32. Kxe4 g5 33. fxg5 fxg5 34.
Bb8 a5 35. Be5 axb4 36. axb4 Rc8 37. Kf3 Kf7 38. Ke4 Kg6 39. c3 h4 40. gxh4 gxh4
41. Nxe6 Rc4+ 42. Nd4 h3 43. Kd3 Kg5 44. Bh2 Kg4 45. Nxb5 Rf4 46. Nd4 Rf2 47.
Bc7 Rf4 48. Ne6 Rf6 49. Nd4 Rc6 50. Be5 Rd6 51. Bh2 Rd5 52. c4 Rd8 53. c5 Rb8
54. b5 Rc8 55. c6 Kg5 56. b6 Kf6 57. b7 Rd8 58. b8=Q Rxb8 59. Bxb8 Ke7 60. Bh2
Kd8 61. Kc4 Kc8 62. Kc5 Kd8 63. Kd6 Kc8 64. c7 Kb7 65. Kd7 Ka6 66. c8=Q+ Ka5 67.
Qc4 Kb6 68. Qb5+ Ka7 69. Nc6+ Ka8 70. Qb8# 1-0

[Event "Titled Tue 27th May Early"]
[Site "chess.com INT"]
[Date "2025.05.27"]
[Round "1"]
[White "Burmakin, Vladimir"]
[Black "Alvarez, Leandro"]
[Result "1-0"]
[WhiteTitle "GM"]
[WhiteElo "2435"]
[BlackElo "2130"]
[WhiteFideId "4105109"]
[BlackFideId "132756"]
[EventDate "2025.05.27"]

1. d4 Nf6 2. Nf3 g6 3. Bf4 Bg7 4. e3 O-O 5. Be2 d6 6. O-O Nc6 7. h3 e5 8. dxe5
Ne4 9. c3 dxe5 10. Bh2 Be6 11. Qc2 f5 12. Na3 a6 13. Bc4 Qe7 14. Bxe6+ Qxe6 15.
Qb3 Qxb3 16. axb3 Rad8 17. Nc4 Nc5 18. Nfxe5 Nxe5 19. Nxe5 Nxb3 20. Rad1 Bxe5
21. Bxe5 c6 22. Bc7 Rc8 23. Bb6 c5 24. Rd7 Rf7 25. Rfd1 Rcf8 26. c4 a5 27. Kf1
a4 28. R1d5 Rxd7 29. Rxd7 Rf7 30. Rd5 Rf6 31. Bc7 Rc6 32. Be5 Na5 33. Bc3 Nxc4
34. Rd8+ Kf7 35. Rd7+ Ke6 36. Rxb7 a3 37. bxa3 Nxa3 38. Rxh7 Nb5 39. Bh8 c4 40.
Rb7 Nc7 41. Rb2 Nd5 42. Ke2 c3 43. Rc2 g5 44. Bd4 Kf7 45. g3 Kg6 46. f3 Kh5 47.
e4 fxe4 48. fxe4 Rc4 49. Kd3 Nb4+ 50. Kxc4 Nxc2 51. Kxc3 Ne1 52. Bf2 Nf3 53. Kc4
g4 54. h4 Kg6 55. Kd5 Kf6 56. Be3 Nh2 57. Bf4 Nf3 58. h5 Kf7 59. h6 Kg6 60. e5
Ne1 61. Ke4 Nc2 62. e6 Nb4 63. e7 Kf7 64. h7 Kxe7 65. h8=Q 1-0